| 000 | 01174nam a22003137a 4500 | ||
|---|---|---|---|
| 005 | 20080806012223.0 | ||
| 008 | 080811t xxu||||| |||| 00| 0 eng d | ||
| 010 | _aENG-90696 | ||
| 020 | _a9780195695892 | ||
| 020 |
_a0195695895 _c695.00 |
||
| 035 | _aEN-74229 | ||
| 037 | _bDBAD / PUB | ||
| 040 | _aDPL | ||
| 082 | _a304.80954 | ||
| 245 |
_aTransnational South Asians : _bthe making of a neo-diaspora / _cedited by Susan Koshy and R. Radhakrishnan. |
||
| 260 |
_aNew Delhi _bOxford University Press _c2008. |
||
| 300 |
_avi, 378 p. _c23 cm.(Hb) |
||
| 500 | _aIncludes bibliographical references and index. | ||
| 650 |
_aSouth Asians _zForeign countries. |
||
| 650 |
_aSouth Asians _xEthnic identity. |
||
| 650 | _aSouth Asian diaspora. | ||
| 650 | _aTransnationalism. | ||
| 651 |
_aSouth Asia _xEmigration and immigration. |
||
| 700 | _aKoshy, Susan. | ||
| 700 | _aRadhakrishnan, R. | ||
| 942 |
_2ddc _cEN _h304.80954 _mTRA |
||
| 999 |
_c14788 _d14788 |
||